Statistics for Color Matching #2

Click here to take the quiz!

General Stats

  • This quiz has been taken 1,154 times
  • The average score is 32 of 45

Answer Stats

Pair% Correct
A5 F8
90%
A4 C1
88%
A7 B10
88%
A1 D7
86%
C2 C11
84%
C5 E2
83%
A11 C15
82%
A3 A10
82%
B3 E7
82%
D5 E15
82%
A13 D2
80%
A9 F4
79%
A12 E5
78%
A14 B6
78%
B1 F13
78%
B4 C12
78%
C3 D6
78%
C9 F3
77%
A2 E13
75%
A6 E3
74%
B5 D8
74%
B7 D11
74%
A8 C8
73%
B11 E11
72%
B13 C10
72%
B9 E4
71%
A15 F12
70%
B12 F7
67%
B8 F2
67%
D15 F1
67%
B2 B14
66%
D4 F10
65%
E1 E9
65%
C14 D10
63%
D3 D9
63%
C6 F9
58%
E10 F14
58%
C13 E14
57%
C7 D14
57%
B15 D1
53%
C4 F15
52%
E12 F6
52%
D12 E8
49%
D13 F5
43%
E6 F11
43%

Score Distribution

Percentile by Number Answered

Percent of People with Each Score

Your Score History

You have not taken this quiz